| 000 | 00565nam a2200193Ia 4500 | ||
|---|---|---|---|
| 003 | GCL | ||
| 008 | 140319s9999 xx 000 0 ara d | ||
| 040 |
_aGCL / _cGCL |
||
| 082 | 0 | 4 |
_a923.9 _bف م |
| 100 | 1 | _aفلاح شاكر | |
| 245 | 1 | 0 |
_aالمقدتيس / _cفلاح شاكر |
| 260 |
_a[S.N] : _bدار الشئون الثقافية ، _c1988 |
||
| 300 | _a193 ص | ||
| 490 |
_aسلسلة روائع الفكر العربى _v0 |
||
| 650 | 0 | 4 | _aالعلماء العرب |
| 650 | 0 | 4 | _aالجغرافيون |
| 650 | 0 | 4 | _aالمقدسى |
| 942 |
_2ddc _cBK |
||
| 999 |
_c37010 _d37010 |
||